000
00445nam a2200157Ia 4500
008
100122s9999 xx 000 0 und d
082
_b
8847
_a
133.5
100
_a
भट म दा
245
_a
संचित दर्शन
250
_a
0
260
_b
अच्युत बळवंत भिसे
_c
1956
300
_a
153
630
_a
संचित दर्शन
730
_a
संचित दर्शन
942
_c
BOOK
999
_c
401045
_d
401042